La sinfiseotomía (Record no. 165854)

MARC details
000 -LEADER
campo de control de longitud fija 00894nam a22002175i 4500
001 - NÚMERO DE CONTROL
campo de control 165854
003 - IDENTIFICADOR DE NÚMERO DE CONTROL
campo de control ES-MaACL
005 - FECHA Y HORA DE LA ÚLTIMA TRANSACCIÓN
campo de control 20230906213222.0
008 - DATOS DE LONGITUD FIJA--INFORMACIÓN GENERAL
campo de control de longitud fija 020725s1896 sp |||| | spa d
040 ## - FUENTE DE CATALOGACIÓN
Centro catalogador/agencia de origen CCPB | B
Lengua de catalogación spa
Centro/agencia transcriptor CCPB | B
100 1# - ENTRADA PRINCIPAL--NOMBRE DE PERSONA
Nombre de persona Suárez de Mendoza, Alberto.
9 (RLIN) 108607
245 13 - MENCIÓN DEL TÍTULO
Título La sinfiseotomía
Resto del título : tesis de doctorado /
Mención de responsabilidad, etc. por Alberto Suarez de Mendoza.
260 ## - PUBLICACIÓN, DISTRIBUCIÓN, ETC.
Lugar de publicación, distribución, etc. Madrid :
Nombre del editor, distribuidor, etc. [s.n.],
Fecha de publicación, distribución, etc. 1896 (
Fabricante estab. tip. de los sucesores de Cuesta)
300 ## - DESCRIPCIÓN FÍSICA
Extensión VII, [1] en bl., 56 p., [1] h. pleg. ;
Dimensiones 22 cm.
530 ## - NOTA DISPONIBLE DE FORMULARIO FÍSICO ADICIONAL
Nota de formato físico adicional disponible Disponible en formato digital.
594 #1 - Nota al título y mención de responsabilidad
Nota al título y mención de responsabilidad Precede al tít.: "Tesis de doctorado"
650 14 - PUNTO DE ACCESO ADICIONAL DE MATERIA--TÉRMINO DE MATERIA
Término de materia o nombre geográfico como elemento de entrada Sinfisiotomía.
9 (RLIN) 200339
852 ## - LOCALIZACIÓN
Ubicación ES-MaACL
Número de control de estantería T-836-F-3
Nota libre -- Enc. hol., conservando la enc. original
-- -- Enc. en un vol. facticio
856 ## - LOCALIZACIÓN Y ACCESO ELECTRÓNICOS
Identificador Uniforme de Recursos <a href="http://bdh-rd.bne.es/viewer.vm?id=0000117934&page=1 ">http://bdh-rd.bne.es/viewer.vm?id=0000117934&page=1 </a>
Nota pública Biblioteca Digital Hispánica
Holdings
Estatus retirado Estado de pérdida Estado de daño No para préstamo Colección Biblioteca de origen Biblioteca actual Ubicación en estantería Fecha de adquisición Total de préstamos Signatura topográfica completa Código de barras Visto por última vez Precio de reemplazo Tipo de ítem Koha
        Colección de folletos Biblioteca del Ateneo de Madrid Biblioteca del Ateneo de Madrid Depósito folletos 17/01/2008   T-836-F-3 1173932 23/02/2023 23/02/2023 Folleto